Statistics for Every city in the Comoros

Click here to take the quiz!

General Stats

  • This quiz has been taken 15 times
  • The average score is 7 of 22

Answer Stats

CityPopulation% Correct
MMoroni74,749
100%
FFomboni17,291
57%
MMitsamiouli4,811
57%
MMutsamudu26,313
57%
WWanani1,917
57%
DDomoni12,262
43%
FFoumbouni3,386
43%
IIconi5,474
43%
NNioumachoua2,687
43%
DDémbeni2,657
29%
SSima8,737
29%
DDjoièzi2,096
14%
IItsandra2,684
14%
KKoimbani2,054
14%
MMbéni5,128
14%
MMirontsi11,955
14%
MMitsoudjé3,129
14%
MMrémani5,470
14%
NNtsaouéni2,760
14%
NNtsoudjini3,559
14%
OOuani10,073
14%
TTsémbéhou12,590
14%

Score Distribution

Percentile by Number Answered

Percent of People with Each Score

Your Score History

You have not taken this quiz